Eurovision: 30 derniers pays gagnants - Statistiques

Statistiques générales
  • Ce quiz a été pris 1 226 fois
    185 depuis la dernière actualisation
  • Le résultat moyen est 27 sur 30
Statistiques - réponses
Année Chanteur(s) Chanson Pays % Correct
2023 Loreen Tattoo Suède
100%
2015 Måns Zelmerlöw Heroes Suède
100%
2012 Loreen Euphoria Suède
100%
1999 Charlotte Nilsson Take Me to Your Heaven Suède
100%
2024 Nemo The Code Suisse
100%
2021 Måneskin Zitti e buoni Italie
99%
2025 JJ Wasted Love Autriche
97%
2014 Conchita Wurst Rise Like a Phoenix Autriche
97%
2009 Alexander Rybak Fairytale Norvège
97%
1995 Secret Garden Nocturne Norvège
97%
2022 Kalush Orchestra Stefania Ukraine
96%
2016 Jamala 1944 Ukraine
96%
2004 Ruslana Wil Dances Ukraine
96%
2010 Lena Satellite Allemagne
94%
2017 Salvador Sobral Amar Pelos Dois Portugal
93%
2019 Duncan Laurence Arcade Pays-Bas
92%
2018 Netta Toy Israël
91%
1998 Dana International Diva Israël
91%
2006 Lordi Hard Rock Hallelujah Finlande
88%
2013 Emmelie de Forest Only Teardrops Danemark
86%
2000 Les Olsen Brothers Fly on the Wings of Love Danemark
86%
1997 Katrina & The Waves Love Shine a Light Royaume-Uni
84%
2005 Helena Paparizou My Number One Grèce
83%
1996 Eimear Quinn The Voice Irlande
81%
2008 Dima Bilan Believe Russie
81%
2007 Marija Šerifović Molitva Serbie
80%
2001 Tanel Padar, Dave Benton et 2XL Everybody Estonie
74%
2002 Marie N I Wanna Lettonie
73%
2003 Sertab Erener Everyway That I Can Turquie
69%
2011 Ell et Nikki Running Scared Azerbaïdjan
63%
Aucun quiz correspondant
Distribution des résultats
% des personnes avec chaque résultat
Percentile par nombre de réponses
Votre historique - résultats
Vous n’avez pas pris ce quiz depuis la dernière actualisation